| 000 | 01152nam a22002655a 4500 | ||
|---|---|---|---|
| 003 | OSt | ||
| 005 | 20170215120029.0 | ||
| 008 | 170214s2015 ua frb 000 0 ara d | ||
| 015 | _a2014 / 23905 | ||
| 020 | _a9789770476833 | ||
| 040 |
_aEG-ScBUE _bara _cEG-ScBUE |
||
| 043 | _ama----- | ||
| 082 | 0 | 4 |
_a343.49270721 _bس ل ا _222 |
| 100 | 1 | _aسلامة، نعيم جميل صالح. | |
| 245 | 1 | 2 |
_aالمنافسة غير المشروعة في العلامة التجارية وأوجه حمايتها : _bدراسة مقارنة / _cنعيم جميل صالح سلامة. |
| 260 |
_aالقاهرة : _bدار النهضة العربية، _c2015. |
||
| 300 |
_a783 ص. ؛ _c24 سم. |
||
| 504 | _aيشتمل على إرجاعات ببليوجرافية. | ||
| 650 | 7 |
_aالمنافسة _xقوانين وتشريعات _zالبلاد العربية. _2BUEsh |
|
| 650 | 7 |
_aالعلامات التجارية _xقوانين وتشريعات _zالبلاد العربية. _2BUEsh |
|
| 650 | 7 |
_aالاحتكار _xقوانين وتشريعات _zالبلاد العربية. _2BUEsh |
|
| 651 | _2BUEsh | ||
| 653 |
_bLLAAWW _cFebruary2017 |
||
| 942 | _2ddc | ||
| 999 |
_c24158 _d24130 |
||